[Event "Rheinland-ch H2"]
[Site "Mainz Laubenheim"]
[Date "2002.03.24"]
[Round "3.6"]
[White "Haus, Christoph"]
[Black "Asadi, Nawid"]
[Result "1/2-1/2"]
[WhiteElo "1045"]
[BlackElo "1072"]
[PlyCount "73"]
[EventDate "2002.03.23"]
[EventType "swiss"]
[EventRounds "7"]
[EventCountry "GER"]
[SourceTitle "EXT 2003"]
[Source "ChessBase"]
[SourceDate "2002.11.25"]
[SourceVersion "1"]
[SourceVersionDate "2002.11.25"]
[SourceQuality "1"]

1. e4 e5 2. Nf3 Nc6 3. d4 exd4 4. Nxd4 Qh4 5. Nxc6 Qxe4+ 6. Qe2 Qxe2+ 7. Bxe2 bxc6 8. 0-0 Nf6 9. Re1 Be7 10. Bg5 Nd5 11. Bxe7 Nxe7 12. Bd3 g6 13. Nc3 Kd8 14. Re2 d6 15. Rae1 Re8 16. Ne4 Be6 17. Nf6 Rh8 18. b3 Nd5 19. Nxd5 cxd5 20. Bb5 Rb8 21. Ba4 Rb6 22. f4 c6 23. c3 Re8 24. g4 Rf8 25. h3 h5 26. gxh5 gxh5 27. h4 Rg8+ 28. Rg2 Rxg2+ 29. Kxg2 Kd7 30. b4 d4 31. a3 dxc3 32. Bc2 Ra6 33. Ra1 Bd5+ 34. Kf2 Rb6 35. Ke3 c5 36. Rb1 cxb4 37. Rxb4 1/2-1/2

[Event "SJRH-ch U16"]
[Site "Mainz"]
[Date "2002.01.05"]
[Round "6"]
[White "Adam, Andreas"]
[Black "Haus, Christoph"]
[Result "1/2-1/2"]
[WhiteElo "1288"]
[BlackElo "964"]
[PlyCount "64"]
[EventDate "2002.01.02"]
[EventType "swiss"]
[EventRounds "7"]
[EventCountry "GER"]
[SourceTitle "EXT 2003"]
[Source "ChessBase"]
[SourceDate "2002.11.25"]
[SourceVersion "1"]
[SourceVersionDate "2002.11.25"]
[SourceQuality "1"]

1. e4 e5 2. Nf3 Nf6 3. Nxe5 d6 4. Nf3 Nxe4 5. d3 Nf6 6. Nc3 Be7 7. Bg5 0-0 8. Be2 Bg4 9. h3 Be6 10. Qd2 h6 11. Bh4 Nd5 12. Nxd5 Bxh4 13. Nxh4 Bxd5 14. Nf3 Re8 15. 0-0-0 a5 16. Rhg1 b5 17. g4 g6 18. h4 Bxa2 19. b3 a4 20. bxa4 Qf6 21. d4 bxa4 22. Kb2 Bd5 23. Rg3 Nc6 24. Ra1 Reb8+ 25. Kc1 Rb7 26. Qc3 Nb4 27. Kd1 c5 28. g5 Qf5 29. gxh6 Bb3 30. cxb3 Nd5 31. Qc4 Nb6 32. Qc3 Nd5 1/2-1/2

[Event "SJRH-ch U16"]
[Site "Mainz"]
[Date "2002.01.03"]
[Round "3"]
[White "Haus, Christoph"]
[Black "Silz, Simeon"]
[Result "1/2-1/2"]
[WhiteElo "964"]
[BlackElo "1076"]
[PlyCount "78"]
[EventDate "2002.01.02"]
[EventType "swiss"]
[EventRounds "7"]
[EventCountry "GER"]
[SourceTitle "EXT 2003"]
[Source "ChessBase"]
[SourceDate "2002.11.25"]
[SourceVersion "1"]
[SourceVersionDate "2002.11.25"]
[SourceQuality "1"]

1. e4 c5 2. d4 cxd4 3. c3 d6 4. cxd4 Nf6 5. Nc3 e6 6. Bg5 Be7 7. Nf3 h6 8. Be3 Qa5 9. Bd2 a6 10. Bd3 Nbd7 11. d5 exd5 12. Nxd5 Qd8 13. Nxe7 Qxe7 14. Qe2 b5 15. 0-0 0-0 16. Rac1 Ne5 17. Nxe5 dxe5 18. a3 Bb7 19. Bb4 Qd7 20. Bxf8 Rxf8 21. Rfd1 Rc8 22. Rxc8+ Qxc8 23. Qc2 Qg4 24. f3 Qe6 25. b4 Nh5 26. Rc1 Qd7 27. Qd1 Nf4 28. Bc2 Qe7 29. a4 Qxb4 30. axb5 Qxb5 31. Rb1 Qc5+ 32. Kh1 Qe7 33. Bd3 Qg5 34. Bf1 Bc6 35. g3 Ne6 36. Bxa6 Nd4 37. Be2 Qe3 38. Rb2 Bd7 39. Qd2 Qa3 1/2-1/2